00285nam a2200121Ia 4500100002300000250000600023654001500029245003600044260004400080082001900124300000800143546001200151 aMoltershead/Allen  a9 aelectronic aElectronic devices and circuits bPrentice Hall of IndiaaNew Delhic1973 a621.38132bMOT a641 aENGLISH